000 00606nam a22001577a 4500
999 _c534516
_d534516
020 _qHard Cover.
082 _a620.44
100 _aHayat, Asad
245 _aElectrochemical Analysis of Mild Steel Coated with Polystyrene Based Nanocomposite Coatings Simulating Uniaxial Stress and Sea Water Service Conditions /
_cAsad Hayat.
260 _aIslamabad :
_bSCME - NUST,
_c2017.
300 _aviii, 57 p. ill. ;
_c30
942 _2ddc
_cTHE
650 _aMaterials and Surface Engineering - MS Thesis.
_916159
700 _aDr. Muhammad Shahid.
_916160